Szczegóły MARC21

Psychologia penitencjarna /

003 -Nazwa inst., której nr kontr. jest w polu 001 [,]
    • @
    • Nazwa instytucji, której n kontrolny jest w polu 001
    • NUKAT
005 -DATA I CZAS OSTATNIEJ MODYFIKACJI [,]
    • @
    • pole kontrolne
    • 20241231085327.0
020 -Międzynarod. znormalizowany nr książki - ISBN [ , ]
    • a
    • Numer ISBN
    • 9788301182939 Find
040 -Instytucja sporządzająca opis [ , ]
    • a
    • Instytucja, która sporządziła opis (NP)
    • WR U/bk
    • c
    • Instytucja, która sporządziła rekord (NP)
    • WR U/bks
    • d
    • Instytucja, która zmodyfikowała rekord (P)
    • WR U/hb
    • d
    • Instytucja, która zmodyfikowała rekord (P)
    • WR U/bks
    • d
    • Instytucja, która zmodyfikowała rekord (P)
    • LEG WSD/ŁDs
942 -Rodzaj dokumentu [ , ]
    • c
    • Rodzaj dokumentu
    • Książka
245 -Strefa tytułu i oznaczenia odpowiedzialności [0,0]
    • a
    • Tytuł
    • Psychologia penitencjarna / Find
    • c
    • Pozostałe elementy strefy tytułu i oznaczenia odpowiedzialności (NP)
    • redakcja naukowa Mieczysław Ciosek, Beata Pastwa-Wojciechowska.
260 -Strefa adresu wydawniczego [ , ]
    • a
    • Miejsce wydania (P)
    • Warszawa :
    • b
    • Nazwa wydawcy (P)
    • Wydawnictwo Naukowe PWN,
    • c
    • Data wydania (P)
    • 2016.
300 -Strefa opisu fizycznego [ , ]
    • a
    • Określenie formy książki i/lub objętość (NP)
    • 600 s. :
    • b
    • Oznaczenie ilustracji (NP)
    • il. ;
    • c
    • Format (NP)
    • 25 cm.
336 -Typ zawartości [ , ]
    • a
    • Termin opisujący typ zawartości
    • Tekst
    • b
    • Kod określający zawartość
    • txt
    • 2
    • Źródło (terminu i kodu)
    • rdacontent
337 -Typ mediów [ , ]
    • a
    • Tryb odtwarzania
    • Bez urządzenia pośredniczącego
    • b
    • Kod typu mediów
    • n
    • 2
    • Źródło (terminu i kodu)
    • rdamedia
338 -Typ/rodzaj nośnika [ , ]
    • a
    • Hasło opisujące typ nośnika
    • Wolumin
    • b
    • Kod typu nośnika
    • nc
    • 2
    • Źródło (terminu i kodu)
    • rdacarrier
380 -Deskryptor - Forma dzieła (P) [ , ]
    • a
    • forma dzieła (NP)
    • Książki
380 -Deskryptor - Forma dzieła (P) [ , ]
    • a
    • forma dzieła (NP)
    • Publikacje dydaktyczne
380 -Deskryptor - Forma dzieła (P) [ , ]
    • a
    • forma dzieła (NP)
    • Publikacje naukowe
385 -Deskryptor - grupa odbiorców (P) [ , ]
    • m
    • wyrażenie wprowadzające (NP)
    • Poziom nauczania
    • a
    • termin określający odbiorcę (P)
    • Szkoły wyższe
500 -Uwaga ogólna [ , ]
    • a
    • Uwaga ogólna (NP)
    • U góry okł.: Psychologia w postępowaniu karnym i wykonawczym.
504 -Uwaga dot. bibliogr. załącznikowej [ , ]
    • a
    • Uwaga dot. bibliografii załącznikowej
    • Bibliogr. s. 557-593 oraz przy rozdz.
521 -Uwaga dot. przeznaczenia czytelniczego [8, ]
    • a
    • Uwaga dot. przeznaczenia czytelniczego
    • Dla studentów kryminologii, prawa, socjologii, pedagogiki resocjalizacyjnej oraz psychologii.
650 -Hasło przedmiotowe [ ,7]
    • a
    • Hasło przedmiotowe
    • Psychologia penitencjarna
    • z
    • Określnik geograficzny
    • Polska
    • y
    • Określnik chronologiczny
    • 1990-
    • v
    • Określnik formalny
    • podręczniki akademickie.
    • 2
    • Źródło terminu
    • kaba
    • 9
    • KHW
    • 391258
650 -Hasło przedmiotowe [ ,7]
    • a
    • Hasło przedmiotowe
    • Psychologia sądowa
    • 2
    • Źródło terminu
    • DBN
    • 9
    • KHW
    • 738228
650 -Hasło przedmiotowe [ ,7]
    • a
    • Hasło przedmiotowe
    • Więźniowie
    • 2
    • Źródło terminu
    • DBN
    • 9
    • KHW
    • 726894
655 -Hasło w funkcji tematu formalnego [ ,7]
    • a
    • Hasło
    • Podręcznik
    • 2
    • Źródło terminu
    • DBN
    • 9
    • KHW
    • 720960
658 -Ujęcie treści [ , ]
    • a
    • dziedzina nauki i sztuki/ sfera aktywności życiowej
    • Psychologia
658 -Ujęcie treści [ , ]
    • a
    • dziedzina nauki i sztuki/ sfera aktywności życiowej
    • Edukacja i pedagogika
700 -Hasło dodatkowe - nazwa osobowa [1, ]
    • a
    • Nazwa osobowa (NP)
    • Ciosek, Mieczysław Find
    • d
    • Daty biograficzne (NP)
    • (1945- ).
    • e
    • Określenie rodzaju współpracy
    • Red.
    • 9
    • KHW
    • 83907
700 -Hasło dodatkowe - nazwa osobowa [1, ]
    • a
    • Nazwa osobowa (NP)
    • Pastwa-Wojciechowska, Beata Find
    • d
    • Daty biograficzne (NP)
    • (1965- ).
    • e
    • Określenie rodzaju współpracy
    • Red.
    • 9
    • KHW
    • 19813
710 -Hasło dodatkowe - nazwa ciała zbiorowego [2, ]
    • a
    • Nazwa ciała zbiorowego lub nazwa geograficzna jako pierwszy element (NP)
    • Wydawnictwo Naukowe PWN.
    • 4
    • Kod relacji
    • pbl
    • 9
    • KHW
    • 52648
920 -ISBN [ , ]
    • a
    • ISBN
    • 978-83-01-18293-9 Find
Numer inwentarzowy Status udost. Lokalizacja Data inwentaryzacji
Z.1214411BG2016-03-17
WM.18940-3BG2016-03-17
WM.18941-3BG2016-03-17
WM.18942-3BG2016-03-17
H.282801BNS2016-04-22